| 000 | 00799nam a22002417a 4500 | ||
|---|---|---|---|
| 003 | OSt | ||
| 005 | 20240530110420.0 | ||
| 008 | 150309s2004 ua abcof b 001 0 eng d | ||
| 020 | _a9789774161315 | ||
| 020 | _a9774161319 | ||
| 040 |
_aEG-CaGPL _cEG-CaGPL |
||
| 041 | 1 |
_aeng _hger |
|
| 082 | 0 | 4 |
_221 _a720.917671\ _bH I |
| 245 | 0 | 0 |
_aIslam : _bArt and Architecture / _cEdited by Markus Hattstein, and Peter Delius. |
| 260 |
_a[Berlin]: _bAmerican University in Cairo Press , _c2007 |
||
| 300 |
_a623 p. : _bill. (chiefly col.), maps ; _c30 cm. |
||
| 504 | _aIncludes bibliographical references (p. 598-602) and index | ||
| 650 | 0 |
_aMosques _xHistory _y20th century. _zEurope |
|
| 650 | 0 |
_aIslamic architecture _zEurope |
|
| 700 | 1 | _aHattstein, Markus | |
| 700 | 1 | _aDelius, Peter. | |
| 942 |
_2ddc _cBK |
||
| 999 |
_c60628 _d60628 |
||